La teva biblioteca : un món per descobrir / Xarxa de Biblioteques Municipals un món per descobrir / Xarxa de Biblioteques Municipals
Descripción Física:
[12] p. : il. col. ; 24 cm
MARC
| LEADER | 00000nam a2200000Ia 4500 | ||
|---|---|---|---|
| 001 | 16816 | ||
| 008 | 160829s200?] xx 000 0 cat d | ||
| 080 | |a FU-45-56 | ||
| 110 | 1 | |a Barcelona (Catalunya : Província). |b Xarxa de Biblioteques Municipals |9 52650 | |
| 245 | |a La teva biblioteca : |b un món per descobrir / Xarxa de Biblioteques Municipals | ||
| 260 | |a [Barcelona : |b Diputació de Barcelona, Àrea de Cultura, Servei de Biblioteques, |c 200?] | ||
| 300 | |a [12] p. : |b il. col. ; |c 24 cm | ||
| 590 | |a A la portada: Diputació de Barcelona, Xarxa de Municipis | ||
| 650 | 0 | |a Biblioteques públiques |x Barcelona (Catalunya : Província) |9 49209 | |
| 710 | |a Barcelona (Catalunya : Província). |b Servei de Biblioteques |9 4217 | ||
| 901 | |a Arxiu | ||
| 942 | |n 1 |2 udc | ||
| 952 | |0 0 |1 0 |4 0 |6 FU4556 |7 1 |9 42520 |a Arxiu |b Arxiu |d 2016-12-01 |l 0 |o FU-45-56 |p 16816 |r 2016-12-01 00:00:00 |w 2016-12-01 |y ARXIU | ||
| 999 | |c 45025 |d 45025 | ||